Temas de CRítica literaria

Guardat en:
Dades bibliogràfiques
Autor principal: Bello, Andrés
Format: Llibre
Idioma:Undetermined
Publicat: Caracas, Venezuela Ministerio de Educación 1956
Matèries:
Etiquetes: Afegir etiqueta
Sense etiquetes, Sigues el primer a etiquetar aquest registre!

MARC

LEADER 00000nam a2200000Ia 4500
008 170316s9999 xx 000 0 und d
090 |a 801 B-12t 
100 |a Bello, Andrés 
245 |a Temas de CRítica literaria 
260 |a Caracas, Venezuela 
260 |b Ministerio de Educación 
260 |c 1956 
300 |a 784 páginas 
650 |a TEORÍA LITERARIA 
650 |a LITERATURA - CRÍTICA 
650 |a LITERATURA - HISTORIA 
650 |a LITERATURA ANTIGUA - ORIENTE - GRECIA 
650 |a LITERATURA LATINA 
999 |c 20060  |d 20060 
040 |a cru BVZT 
942 |c 15 D  |h 801 B-12t  |2 z